000 00610nam a22002177a 4500
003 UA-OsUOA
001 76118
007 ta
008 20110615b un ||||| |||| 00| 0 ukr d
100 _aФилатова Е.С.
090 _a159
_bФ51
942 _cSA
040 _aUA-OsUOA
_brus
_cUA-OsUOA
_dUA-OsUOA
245 _aСоционика и генетика
300 _aС.63-72
955 _a0
041 _arus
080 _a159
773 0 _w76115
_tСоционика, ментология и психология личности
_dК.
_d2011
_g2
650 7 _a1 Філософські науки
_2UDC
999 _c362418
_d362418